| 000 | 00815nam a2200265 a 4500 | ||
|---|---|---|---|
| 005 | 20200104041514.0 | ||
| 008 | 140221b1998 xr ||||| |||| 00| 0 eng d | ||
| 040 |
_aCO-BoIAVH _cCO-BoIAVH |
||
| 041 | _aeng | ||
| 090 |
_aLB _b00707 |
||
| 110 |
_bSlovak Republic. Ministry of the Environment _98838 |
||
| 245 | _aNational strategy for conservation of biological diversity in Slovakia | ||
| 260 |
_aPraga _bMinistry _c1998 |
||
| 300 | _a49 p. | ||
| 650 |
_aEstrategias de conservación _942840 |
||
| 650 |
_aConservación de biodiversidad _9345 |
||
| 650 |
_aBiodiversidad _992204 |
||
| 650 |
_aPolítica ambiental _942843 |
||
| 650 |
_aEcosistemas _942844 |
||
| 650 |
_aRecursos biológicos _98551 |
||
| 650 |
_aInventarios _992201 |
||
| 650 |
_aUso sostenible _9344 |
||
| 662 | _aSlovakia | ||
| 942 |
_cINFORME _2z |
||
| 999 |
_c722 _d722 |
||